| 000 | 01261cam a2200361 4500 | ||
|---|---|---|---|
| 008 | 040317n2004 000 0 eng u | ||
| 020 | _a041528077X | ||
| 035 | _a(Sirsi) u125451 | ||
| 041 | _aeng | ||
| 050 |
_a692.5 _c18 |
||
| 100 | _aBarnsley, Derek | ||
| 245 | _aSpon's manual for educational premises | ||
| 250 | _a3rd ed. | ||
| 260 |
_aLondon _bSPON _c2004 |
||
| 300 |
_axvii, 443p. _c22 x 31cm. |
||
| 350 | _a200 | ||
| 505 | _aCost indices and indicators | ||
| 505 | _aPlanning the cost of educational premises | ||
| 505 | _aThe school village: cost and use of activity areas | ||
| 505 | _aManagement of educational premises | ||
| 505 | _aUnit rates for measured work | ||
| 505 | _aThe administration of building projects | ||
| 520 | _aThe latest edition of this essential reference book for planning, building, remodelling, repairing, maintaining and managing a wide range of modern and historic educational buildings. | ||
| 650 | _aEDUCATIONAL BUILDINGS | ||
| 650 | _aSCHOOLS | ||
| 650 | _aSCHOOL BUILDINGS | ||
| 650 | _aUNIVERSITY BUILDINGS | ||
| 650 | _aCOLLEGE BUILDINGS | ||
| 650 | _aBUILDING PRICE BOOKS | ||
| 650 | _aBUILT ENVIRONMENT-BUILDING COSTS | ||
| 690 | _aBUILT ENVIRONMENT-BUILDING COSTS | ||
| 942 | _n0 | ||
| 999 |
_c103390 _d103390 |
||